• 首页
  • 本馆介绍
  • 公告通知
  • 最新文献
  • 馆藏检索
  • 电子资源
  • 读者导购
  • 参考咨询
  • 我的图书馆
  • 登录
  • 详细信息显示
  • 放入我的书架
  • 预约/预借图书
  • 作者相关作品
  • 分类相关作品
  • 丛书相关作品
  • 出版社相关作品

书目信息

  • 表格格式
  • 工作单格式
  • 卡片格式
题名:
马克思主义文艺学概论
    
 
作者: 周忠厚 , 陆贵山
分册:  
出版信息: 北京   中国人民大学出版社  2001
页数: 637页
开本: 26cm
丛书名:
单 册:
中图分类: A569.1
科图分类:
主题词: 马列著作--专题汇编
电子资源:
ISBN: 7-300-03956-1
000 00591nam0 2200193 450
001 0728815141
005 20070819080015.14
010    @a7-300-03956-1@d¥49.00
100    @a20070819d km y0chiy0120 ea
101 0  @achi
200 1  @a马克思主义文艺学概论@Ama ke si zhu yi wen yi xue gai lun@f陆贵山,周忠厚@Flu gui shan,zhou zhong hou
210    @a北京@c中国人民大学出版社@d2001
215    @a637页@d26cm
606 0  @a马列著作@x专题汇编
690    @aA569.1@v3
701  0 @a周忠厚@Azhou zhong hou
701  0 @a陆贵山@Alu gui shan
801  0 @aCN@bPFT@c20070819
905    @a213230@dA569.1@eZW1@f1
    
    马克思主义文艺学概论/陆贵山,周忠厚.-北京:中国人民大学出版社,2001
    637页;26cm
    
    
    ISBN 7-300-03956-1:¥49.00
    
●
相关链接 在E读中查询图书 在五车中查询图书 在当当中查询图书 在豆瓣中查询图书


正题名:马克思主义文艺学概论     索取号:A569.1/ZW1         预约/预借

序号 登录号 条形码 馆藏地/架位号 状态 备注
1 7600000   276000006   密集书库-文学院/ [索取号:A569.1/ZW1] 在馆    
唐山师范学院图书馆 欢迎您!
大连网信软件有限公司© 版权所有